Presidents Who Were Also Vice Presidents - Statistics

General Stats
  • This quiz has been taken 45 times
  • The average score is 12 of 15
Answer Stats
President % Correct
George H.W. Bush
95%
John Adams
95%
Lyndon B. Johnson
90%
Andrew Johnson
88%
Joe Biden
88%
Thomas Jefferson
88%
Richard Nixon
85%
Harry S. Truman
83%
Theodore Roosevelt
83%
Gerald Ford
80%
Calvin Coolidge
76%
John Tyler
71%
Millard Fillmore
63%
Chester A. Arthur
61%
Martin Van Buren
61%
No matching quizzes found
Score Distribution
Percent of People with Each Score
Percentile by Number Answered
Your Score History
You have not taken this quiz